Statistics for Grand National Winners since 1970

Click here to take the quiz!

General Stats

  • This quiz has been taken 440 times
  • The average score is 16 of 44

Answer Stats

YearAnswer% Correct
1973Red Rum
95%
1974Red Rum
95%
1977Red Rum
95%
1981Aldaniti
51%
2005Hedgehunter
50%
1992Party Politics
50%
1975L'escargot
47%
2010Dont Push It
43%
2006Numbersixvalverde
43%
1986West Tip
43%
1983Corbiere
42%
1990Mr Frisk
42%
1976Rag Trade
41%
2004Amberleigh House
39%
2009Mon Mome
39%
2001Red Marauder
38%
1980Ben Nevis
37%
2007Silver Birch
37%
2008Comply or Die
35%
1982Grittar
35%
1994Minnehoma
35%
1984Hello Dandy
33%
1988Rhyme 'n' Reason
33%
1979Rubstic
33%
1991Seagram
33%
1970Gay Trip
31%
2011Ballabriggs
29%
1998Earth Summit
29%
2000Papillon
29%
2002Bindaree
28%
1989Little Polveir
28%
2012Neptune Collonges
28%
1999Bobbyjo
27%
1995Royal Athlete
27%
2013Auroras Encore
25%
2003Monty's Pass
25%
1971Specify
25%
1972Well to Do
25%
1985Last Suspect
23%
1997Lord Gyllene
23%
1987Maori Venture
23%
1996Rough Quest
23%
1978Lucious
8%
1993RACE VOID
6%

Score Distribution

Percentile by Number Answered

Percent of People with Each Score

Your Score History

You have not taken this quiz